000 00237nam a2200097Ia 4500
001 850835
005 20250826174445.0
008 250824s9999 xx 000 0 und d
245 0 _aCANIN SAĞOLSUN
_cSERKAN ÖZEL
260 _bDESTEK YAYINLARI
999 _c850835
_d850835